000 00909nas a2200301 4500
001 BR0003118
003 BR-BrBNA
005 20231205101918.0
007 ta
008 230509b bl.|||p| |||| 00| 00por d
040 _aBR-BrBNA
_bpor
_cBiblioteca Nacional de Agricultura
041 _a(Pt)
072 _aL72
100 1 _aThomaz-Soccol, V.
100 1 _aCastro, E.A.
100 1 _aMercadante, A.
100 1 _aRomapani, J.L.A.
100 1 _aDepra, N.M.
245 1 _aResistencia de nematoides aos anti-helminticos em equinos na regiao metropolitana de Curitiba, Parana
650 _aEquino
650 _aNematoide
650 _aAnti-Helmintico
650 _aResistencia a Produtos Quimicos
650 _aPARANÁ
773 0 _tHora Veterinaria (Brazil)
_xISSN 0101-9163
_g(Jan-Feb 2000), v. 19(113) p. 41-45
_wBR0003118
909 _a202311
_bLúcia
_c55
_dLúcia Elande
942 _2AGRIS
_n0
_cANA
999 _c164669
_d164669